00274 a2200109 450000100060000008200160000610000220002224500580004426000340010230000100013650000180014690420 a292.272 TAH aTahir Ul Qadri Dr aIslam Mein Insaani HaqoqbHuman Rights in IslamhUrdu aLahorebMinhaj Ul Quranc2012 a720p. aGeneral Books